Countries obscured by the Map of Poland on the Map - Statistics

General Stats
  • This quiz has been taken 37 times
  • The average score is 13 of 15
Answers on the Map
Answers color-coded by a green-red scale on the quiz's map according to % correct below.
 
Answer Stats
Country % Correct
Belarus
97%
Bolivia
90%
Burkina Faso
90%
Jamaica
90%
Lesotho
90%
Poland
90%
Uruguay
90%
Zimbabwe
90%
Cambodia
87%
South Sudan
87%
Eswatini
87%
Iceland
84%
Libya
84%
Taiwan
74%
Cyprus
71%
No matching quizzes found
Score Distribution
Percent of People with Each Score
Percentile by Number Answered
Your Score History
You have not taken this quiz